000 00599nam a2200193 i 4500
001 62655
003 ES-MaACL
005 20230906164716.0
007 t|
008 031124s1965 sp ||||1| spa d
100 1 _aFernández Arenas, Arsenio.
_949472
245 1 4 _aLos caminos de Santiago /
_cArsenio Fernández Arenas, Pablo Huarte Arana.
260 _aBarcelona :
_b[s.n.,
_c1965] (
_fLa Polígrafa)
300 _a215 p., 124 lám. ;
_c23 cm.
650 4 _aCamino de Santiago.
_9204712
700 1 _aHuarte Arana, Pablo.
_964469
852 _aES-MaACL
_jC-27623
_bR.56805
999 _c62655
_d62655